000 01329nam0a2200373 4500
001 RU\NLR\bibl\386272
005 20250622155214.0
010 _a5-7975-0491-X
_91000
021 _aRU
_b2002-67107
_93253
035 _a(NLR Aleph) 000380628
090 _a453293
_c453293
100 _a20030402d2003 |||y0rusy50 ca
101 0 _arus
102 _aRU
105 _ay |||||||||
200 1 _aНастольная книга коммерсанта: шутки, тосты, цитаты, пословицы, поговорки
_fЛ. И. Девина
210 _aМ.
_cЮристъ
_d2003
215 _a121 с.
_d21
225 1 _aEnglish for business
_eEB
300 _aАнгл., рус.
606 0 _aАнглийский язык
_jУчебные издания
_9972309
_3RU\NLR\auth\6646032
606 0 _aПереговоры торговые
_91868540
_3RU\NLR\auth\66848017
610 0 _aАнглийский язык - Хрестоматии
675 _a811.111(075.8)
_v3
_zrus
686 _a81.2Англ-923
_2rubbk
686 _aШ143.21-93рус329.3
686 _aУ43(0)-803
700 1 _aДевина
_bЛ. И.
_gЛюдмила Ивановна
_4070
801 0 _aRU
_bRKP
_c20030402
_gPSBO
801 1 _aRU
_bRKP
_c20030402
801 2 _aRU
_bNLR
_c20030526
_grcr
942 _cBOOK
980 _aNB